000 00778cam a2200265 4500
001 M1320
008 090401t1993 xxu||||| |||| 00| 0 eng d
035 _a(Sirsi) u31116
041 _aeng
050 _a624.1513
100 _aCrilly, M.S.
245 2 _aA method of determining the state of desiccation in clay soils.
260 _aGarston, Watford
_bBuilding Research Establishment
_c1993
300 _a(4)p. ; 30cm.
350 _a0
490 _aBRE Information Paper
_v4/93
650 _aCLAY SOIL
650 _aDESICCATION
650 _aFILTER PAPER TEST
650 _aBUILT ENVIRONMENT-BUILDING ELEMENTS-COMPLETE BUILDING ELEMENTS-FOUNDATIONS
700 _aChandler, R.J.
710 _aBuilding Research Establishment
942 _n0
948 _c04/03/1997
999 _c89558
_d89558